Normal view
MARC view
- Aprendizaje motor
Entry Materia
001 - NÚMERO DE CONTROL DEL REGISTRO
- campo de control: 6627
003 - IDENTIFICADOR DE NUMERO DE CONTROL
- campo de control: MX-MxUPN
005 - FECHA Y HORA DE LA ÚLTIMA TRANSACCIÓN
- campo de control: 20240909160831.0
008 - DATOS DE LONGITUD FIJA
- campo de control de longitud fija: 240909nn acnnnbabn b ana |d
035 ## - NÚMERO DE CONTROL DEL SISTEMA
- Número de control del sistema: UPN10000006629
040 ## - FUENTE DE LA CATALOGACIÓN
- Centro catalogador de origen: MX-MxUPN
- Lengua de catalogación: spa
053 #4 - NÚMERO CLASIFICADOR - BIBLIOTECA DEL CONGRESO (LC)
- Elemento numérico de la clasificación - Número único o no. inicial del rango: BF295
150 ## - ENCABEZAMIENTO - TEMÁTICO
- Término de materia o nombre geográfico como elemento inicial: Aprendizaje motor
670 ## - FUENTE EN LA QUE SE LOCALIZARON DATOS
- Cita de la fuente: LEMB, 1998 :
- Información localizada: página 74 (Aprendizaje motor)
902 ## - CATALOGADOR
- Catalogador: MCM/040903
- Catalogador: VíctorGodínez/090924
